Toponimia de una parroquia asturiana /

Guardado en:
Autor Principal: González, José M.
Formato: Libro
Idioma:Spanish
Publicado: Oviedo : Instituto de Estudios Asturianos, 1959.
Etiquetas: Agregar Etiqueta
Sin Etiquetas, Sea el primero en etiquetar este registro!
LEADER 00451nam a22001455a 4500
001 EUN.um005319
003 AR-BaUNS
005 20050623122852.0
008 041125s1959####sp############000#0#spa#d
245 1 0 |a Toponimia de una parroquia asturiana /  |c José M. González. 
260 |a Oviedo :  |b Instituto de Estudios Asturianos,  |c 1959. 
300 |a 435 p. 
100 1 |a González, José M. 
082 0 4 |a 460.7 
859 |a Ar-BaUNS  |b BIB. CENTRAL - Sector C  |h 460.7  |i G589  |p 2639/962